[Event "BL2-Nord 2223"]
[Site "Germany"]
[Date "2023.02.25"]
[Round "7.4"]
[White "Chatzidakis, Mihail"]
[Black "Barski, Radoslaw"]
[Result "0-1"]
[WhiteElo "2329"]
[BlackElo "2431"]
[PlyCount "78"]
[EventDate "2022.10.22"]
[EventType "team-tourn"]
[EventRounds "10"]
[EventCountry "GER"]
[SourceTitle "EXT 2024"]
[Source "ChessBase"]
[SourceDate "2023.10.10"]
[SourceVersion "1"]
[SourceVersionDate "2023.10.10"]
[SourceQuality "1"]
[WhiteTeam "Berlin SF II"]
[BlackTeam "Norderstedt"]
[WhiteTeamCountry "GER"]
[BlackTeamCountry "GER"]

1. e4 c5 2. Nf3 e6 3. g3 Nc6 4. Bg2 Nf6 5. d3 d5 6. Qe2 Be7 7. 0-0 b6 8. e5 Nd7 9. c4 d4 10. Nfd2 Bb7 11. f4 Qc7 12. Na3 a6 13. Ne4 0-0-0 14. Nc2 h5 15. h4 f6 16. exf6 gxf6 17. f5 e5 18. Bd2 Rdg8 19. Kh2 Rh7 20. Bf3 Nd8 21. b4 Nf7 22. bxc5 Nxc5 23. Nb4 Nxe4 24. Bxe4 Bxb4 25. Bxb4 Rhg7 26. c5 Rxg3 27. c6 Ba8 28. Qxh5 Nd6 29. Bxd6 Qg7 30. Qg6 Rxg6 31. fxg6 Bxc6 32. Rac1 Qh6 33. Rxc6+ Kd7 34. Rxb6 Qxh4+ 35. Kg2 Qg4+ 36. Kf2 Rc8 37. Bf3 Rc2+ 38. Ke1 Qg5 39. Bb4 Qe3+ 0-1

[Event "BL2-Nord 2223"]
[Site "Germany"]
[Date "2023.02.04"]
[Round "5.4"]
[White "Kollen, Zyon"]
[Black "Chatzidakis, Mihail"]
[Result "1/2-1/2"]
[WhiteElo "2343"]
[BlackElo "2329"]
[PlyCount "99"]
[EventDate "2022.10.22"]
[EventType "team-tourn"]
[EventRounds "10"]
[EventCountry "GER"]
[SourceTitle "EXT 2024"]
[Source "ChessBase"]
[SourceDate "2023.10.10"]
[SourceVersion "1"]
[SourceVersionDate "2023.10.10"]
[SourceQuality "1"]
[WhiteTeam "Werder Bremen II"]
[BlackTeam "Berlin SF II"]
[WhiteTeamCountry "GER"]
[BlackTeamCountry "GER"]

1. e4 c5 2. Nf3 d6 3. d4 cxd4 4. Nxd4 Nf6 5. Nc3 Nc6 6. Bg5 e6 7. Qd2 a6 8. 0-0-0 Bd7 9. f3 h6 10. Be3 Qc7 11. g4 Ne5 12. h4 b5 13. Bd3 g6 14. Kb1 b4 15. Nce2 d5 16. g5 dxe4 17. fxe4 Nfg4 18. h5 Nxe3 19. Qxe3 hxg5 20. hxg6 Rxh1 21. gxf7+ Nxf7 22. Rxh1 Bg7 23. Nf3 g4 24. Nfd4 Qe5 25. Rh4 Ke7 26. Rxg4 Rh8 27. Qg1 Bf6 28. Nf4 Qxd4 29. Ng6+ Ke8 30. Qxd4 Bxd4 31. Nxh8 Bxh8 32. Bxa6 Be5 33. Rg8+ Ke7 34. Bd3 Bc6 35. Rg6 Nd6 36. Rg4 Ne8 37. Rh4 Nf6 38. a3 bxa3 39. bxa3 Bg3 40. Rh3 Bd6 41. Rh4 Bxa3 42. e5 Nd7 43. Rh7+ Kd8 44. Bc4 Nf8 45. Rf7 Bd7 46. c3 Be7 47. Rg7 Be8 48. Kc2 Bg6+ 49. Bd3 Be8 50. Bc4 1/2-1/2

[Event "BL2-Nord 2223"]
[Site "Germany"]
[Date "2022.11.27"]
[Round "4.3"]
[White "Feuerstack, Aljoscha"]
[Black "Chatzidakis, Mihail"]
[Result "1-0"]
[WhiteElo "2464"]
[BlackElo "2329"]
[PlyCount "101"]
[EventDate "2022.10.22"]
[EventType "team-tourn"]
[EventRounds "10"]
[EventCountry "GER"]
[SourceTitle "EXT 2024"]
[Source "ChessBase"]
[SourceDate "2023.10.10"]
[SourceVersion "1"]
[SourceVersionDate "2023.10.10"]
[SourceQuality "1"]
[WhiteTeam "St Pauli"]
[BlackTeam "Berlin SF II"]
[WhiteTeamCountry "GER"]
[BlackTeamCountry "GER"]

1. e4 e6 2. d4 d5 3. Nd2 Nc6 4. Ngf3 Nf6 5. e5 Nd7 6. Bd3 f6 7. exf6 Qxf6 8. Nf1 Nb4 9. Be2 c5 10. Ne3 Nc6 11. 0-0 Nxd4 12. c4 Nxf3+ 13. Bxf3 d4 14. Ng4 Qf5 15. Re1 Bd6 16. Nh6 Qf6 17. Ng4 Qf5 18. Nh6 Qf6 19. Bh5+ g6 20. Bg4 Ne5 21. Bh3 Bd7 22. f4 Nf7 23. f5 gxf5 24. Nxf5 Be5 25. Ng3 0-0-0 26. Ne4 Qe7 27. Qh5 d3 28. Be3 Bc6 29. Bxc5 Qd7 30. Nd6+ Nxd6 31. Qxe5 Qc7 32. Bxa7 b6 33. Bxb6 Qxb6+ 34. c5 Qa7 35. Kh1 Nf5 36. Qxe6+ Bd7 37. Qd5 Ng3+ 38. hxg3 Bxh3 39. Qc6+ Kb8 40. gxh3 d2 41. Rf1 Qe7 42. Rad1 Qe5 43. Qb6+ Kc8 44. c6 Rd4 45. Rf4 Qe1+ 46. Kg2 Qe2+ 47. Rf2 Qe4+ 48. Kh2 Rb4 49. Qa6+ Kb8 50. c7+ Kxc7 51. Rf7+ 1-0

[Event "GRE-chT 49th"]
[Site "Thessaloniki"]
[Date "2022.08.15"]
[Round "5.10"]
[White "Schuetze, Norman"]
[Black "Chatzidakis, Mihail"]
[Result "1-0"]
[WhiteElo "2283"]
[BlackElo "2382"]
[PlyCount "195"]
[EventDate "2022.08.12"]
[EventType "team-swiss"]
[EventRounds "7"]
[EventCountry "GRE"]
[SourceTitle "CBM 209 Extra"]
[Source "ChessBase"]
[SourceDate "2022.09.30"]
[SourceVersion "1"]
[SourceVersionDate "2022.09.30"]
[SourceQuality "1"]
[WhiteTeam "Chania Kethon"]
[BlackTeam "Treis Asteres"]
[WhiteTeamCountry "GRE"]
[BlackTeamCountry "GRE"]

1. e4 e6 2. d4 d5 3. Nc3 Nc6 4. e5 f6 5. Nf3 Qe7 6. Bb5 Bd7 7. 0-0 Qf7 8. Re1 0-0-0 9. Ne2 Nxe5 10. Nxe5 fxe5 11. Bxd7+ Rxd7 12. dxe5 Bc5 13. Nd4 Ne7 14. Nf3 h6 15. c3 Nf5 16. b4 Bb6 17. a4 a6 18. a5 Ba7 19. b5 axb5 20. a6 c6 21. Re2 b6 22. Qd3 Rc7 23. Ba3 Kd7 24. h3 g5 25. Nh2 h5 26. f4 gxf4 27. Rf1 b4 28. Bxb4 b5+ 29. Kh1 Qg6 30. Rf3 Ng3+ 31. Rxg3 Qxg3 32. Nf3 Rcc8 33. Bd6 Rcg8 34. Rb2 Qg6 35. Qf1 Rb8 36. Bxb8 Rxb8 37. Nd4 Qg3 38. Rf2 Rf8 39. Rf3 Qg5 40. Nxb5 cxb5 41. Qxb5+ Kd8 42. Qb7 Be3 43. Qb8+ Ke7 44. a7 Bxa7 45. Qxa7+ Ke8 46. Qa4+ Kd8 47. Qa8+ Ke7 48. Qb7+ Ke8 49. Qc6+ Kf7 50. Qd7+ Kg8 51. Qxe6+ Kh8 52. Qxd5 Rd8 53. Qe6 Rd1+ 54. Kh2 Kg7 55. Qf6+ Qxf6 56. exf6+ Kxf6 57. Rxf4+ Kg5 58. Rc4 h4 59. Rc8 Rc1 60. Rc5+ Kg6 61. Rc8 Kg5 62. c4 Kf5 63. c5 Kg6 64. c6 Kg7 65. c7 Kh7 66. Rd8 Rxc7 67. Rd4 Kg6 68. Rxh4 Rc2 69. Ra4 Rc3 70. h4 Rb3 71. g3 Kh6 72. Kh3 Kg7 73. Ra6 Kh7 74. h5 Rb4 75. g4 Rb5 76. Kh4 Kg7 77. h6+ Kh7 78. g5 Rb4+ 79. Kh5 Rb5 80. Ra7+ Kh8 81. Re7 Ra5 82. Kg6 Ra6+ 83. Kf5 Ra5+ 84. Kf6 Ra6+ 85. Re6 Ra8 86. g6 Rf8+ 87. Ke7 Rf1 88. Rd6 Re1+ 89. Kf6 Re8 90. Rd7 Kg8 91. Rc7 Kh8 92. Re7 Rf8+ 93. Ke6 Ra8 94. Rd7 Re8+ 95. Kf7 Rg8 96. Rd6 Rf8+ 97. Ke7 Kg8 98. Rd8 1-0

[Event "GRE-chT 49th"]
[Site "Thessaloniki"]
[Date "2022.08.12"]
[Round "1.9"]
[White "Vlachos, Anatole"]
[Black "Chatzidakis, Mihail"]
[Result "1/2-1/2"]
[WhiteElo "2430"]
[BlackElo "2382"]
[PlyCount "28"]
[EventDate "2022.08.12"]
[EventType "team-swiss"]
[EventRounds "7"]
[EventCountry "GRE"]
[SourceTitle "CBM 209 Extra"]
[Source "ChessBase"]
[SourceDate "2022.09.30"]
[SourceVersion "1"]
[SourceVersionDate "2022.09.30"]
[SourceQuality "1"]
[WhiteTeam "Thessaloniki ES"]
[BlackTeam "Treis Asteres"]
[WhiteTeamCountry "GRE"]
[BlackTeamCountry "GRE"]

1. e4 c5 2. Nf3 a6 3. c4 Nc6 4. d4 cxd4 5. Nxd4 e5 6. Nc2 Bc5 7. Be3 d6 8. Qd2 Nf6 9. Nc3 Be6 10. Be2 0-0 11. h3 Rc8 12. 0-0 Nb4 13. Na3 Nc6 14. Nc2 Nb4 1/2-1/2

[Event "BL2-Nord 1920"]
[Site "Germany"]
[Date "2020.02.09"]
[Round "8.7"]
[White "Chatzidakis, Mihail"]
[Black "Charmeteau, Sven"]
[Result "0-1"]
[WhiteElo "2347"]
[BlackElo "2331"]
[PlyCount "92"]
[EventDate "2019.10.19"]
[EventType "team-tourn"]
[EventRounds "9"]
[EventCountry "GER"]
[SourceTitle "CBM 194 Extra"]
[Source "ChessBase"]
[SourceDate "2020.03.31"]
[SourceVersion "1"]
[SourceVersionDate "2020.03.31"]
[SourceQuality "1"]
[WhiteTeam "Berlin SF II"]
[BlackTeam "Werder Bremen II"]
[WhiteTeamCountry "GER"]
[BlackTeamCountry "GER"]

1. e4 c5 2. Nf3 Nc6 3. Bb5 e6 4. c3 Nge7 5. d4 cxd4 6. cxd4 d5 7. Nc3 dxe4 8. Nxe4 Nd5 9. 0-0 Be7 10. Bxc6+ bxc6 11. Qa4 Bd7 12. Ne5 c5 13. Nxd7 Qxd7 14. Nxc5 Bxc5 15. Qxd7+ Kxd7 16. dxc5 Rhb8 17. b3 Rb5 18. Be3 Nxe3 19. fxe3 Ke7 20. Rac1 Rc8 21. c6 Rb6 22. c7 Rb7 23. Rf4 Rbxc7 24. Rxc7+ Rxc7 25. Ra4 f5 26. Ra6 Kf6 27. Kf2 g5 28. h3 h5 29. b4 Ke5 30. Kf3 g4+ 31. Kg3 Rc3 32. Kf2 h4 33. hxg4 fxg4 34. Rxa7 Ke4 35. b5 g3+ 36. Ke2 Rc2+ 37. Kd1 Rxg2 38. b6 Rb2 39. Rh7 Kd3 40. Kc1 Rxb6 41. Rxh4 Kxe3 42. Rg4 Kf3 43. Rg6 Rb4 44. Rxe6 g2 45. Re1 Kf2 46. Rd1 Re4 0-1

[Event "Berlin Lasker 150 blitz op"]
[Site "Berlin"]
[Date "2018.04.28"]
[Round "2"]
[White "Chatzidakis, Mihail"]
[Black "Fridman, Daniel"]
[Result "0-1"]
[WhiteElo "2341"]
[BlackElo "2639"]
[PlyCount "87"]
[EventDate "2018.04.28"]
[EventType "swiss (blitz)"]
[EventRounds "8"]
[EventCountry "GER"]
[SourceTitle "CBM 184 Extra"]
[Source "ChessBase"]
[SourceDate "2018.06.28"]
[SourceVersion "1"]
[SourceVersionDate "2018.06.28"]
[SourceQuality "1"]

1. e4 c6 2. Nf3 d5 3. exd5 cxd5 4. Ne5 Nf6 5. d4 g6 6. Bd3 Bg7 7. 0-0 0-0 8. c3 Nc6 9. f4 Bf5 10. Qf3 Qb6 11. Kh1 Be4 12. Qh3 e6 13. Nd2 Bxd3 14. Qxd3 Ne7 15. g4 Rad8 16. h3 Nc8 17. Nb3 Qc7 18. f5 exf5 19. gxf5 Ne4 20. Bf4 Ncd6 21. Bh2 Qe7 22. fxg6 fxg6 23. Qe2 Qh4 24. Qg4 Rxf1+ 25. Rxf1 Nf2+ 26. Rxf2 Qxf2 27. Qe6+ Kh8 28. Nxg6+ hxg6 29. Bxd6 Qf6 30. Qxf6 Bxf6 31. Bf4 Rf8 32. Bg3 b6 33. Kg2 Bg5 34. Na1 Re8 35. Kf3 Re3+ 36. Kf2 Rd3 37. Nb3 Kg8 38. h4 Bd8 39. a4 a5 40. Nc1 Rd2+ 41. Kf3 Rxb2 42. Nd3 Rc2 43. Be1 Bc7 44. Nb4 0-1

[Event "BL2-Nord 1617"]
[Site "Germany"]
[Date "2016.11.20"]
[Round "2.5"]
[White "Chatzidakis, Mihail"]
[Black "Krause, Benedict"]
[Result "1/2-1/2"]
[WhiteElo "2310"]
[BlackElo "2389"]
[PlyCount "27"]
[EventDate "2016.10.16"]
[EventType "team-tourn"]
[EventRounds "9"]
[EventCountry "GER"]
[SourceTitle "EXT 2018"]
[Source "ChessBase"]
[SourceDate "2017.10.13"]
[SourceVersion "1"]
[SourceVersionDate "2017.10.13"]
[SourceQuality "1"]
[WhiteTeam "Berlin SF II"]
[BlackTeam "Norderstedt"]
[WhiteTeamCountry "GER"]
[BlackTeamCountry "GER"]

1. e4 c6 2. d4 d5 3. Nc3 dxe4 4. Nxe4 Bf5 5. Ng3 Bg6 6. N1e2 Nf6 7. Nf4 e5 8. dxe5 Qa5+ 9. c3 Qxe5+ 10. Be2 Qc7 11. Nfh5 Nxh5 12. Nxh5 Bxh5 13. Bxh5 Bd6 14. Qe2+ 1/2-1/2

[Event "BL2-Nord 1617"]
[Site "Germany"]
[Date "2016.11.19"]
[Round "4.6"]
[White "Gruenter, Martin"]
[Black "Chatzidakis, Mihail"]
[Result "1-0"]
[WhiteElo "2212"]
[BlackElo "2310"]
[PlyCount "111"]
[EventDate "2016.10.16"]
[EventType "team-tourn"]
[EventRounds "9"]
[EventCountry "GER"]
[SourceTitle "EXT 2018"]
[Source "ChessBase"]
[SourceDate "2017.10.13"]
[SourceVersion "1"]
[SourceVersionDate "2017.10.13"]
[SourceQuality "1"]
[WhiteTeam "Hamburger SK II"]
[BlackTeam "Berlin SF II"]
[WhiteTeamCountry "GER"]
[BlackTeamCountry "GER"]

1. e4 d5 2. exd5 Qxd5 3. Nc3 Qd6 4. d4 Nf6 5. Nf3 a6 6. g3 Bg4 7. Bg2 c6 8. 0-0 e6 9. h3 Bxf3 10. Qxf3 Be7 11. Bf4 Qxd4 12. Rfd1 Qb6 13. Na4 Qb5 14. b3 Nbd7 15. g4 h6 16. Nb2 Ne5 17. Qg3 Ng6 18. Bc7 0-0 19. h4 Qe2 20. h5 Nh8 21. Bf3 Qxc2 22. Be5 Ne4 23. Bxe4 Qxe4 24. Rd7 Bh4 25. Qxh4 Qxe5 26. Rb1 f5 27. g5 hxg5 28. Qxg5 Rfd8 29. Nc4 Qf6 30. Qxf6 gxf6 31. Rbd1 Rf8 32. Na5 Rf7 33. Rxf7 Kxf7 34. Nxb7 e5 35. h6 Kg6 36. Rd8 Rxd8 37. Nxd8 Kxh6 38. Nxc6 Ng6 39. Nb4 Nf4 40. Nxa6 Kg5 41. b4 Ne2+ 42. Kg2 Nc3 43. a3 e4 44. Nc5 Kf4 45. a4 Nd5 46. b5 e3 47. fxe3+ Kxe3 48. a5 f4 49. b6 Ke2 50. Ne4 Nb4 51. Nc3+ Ke3 52. b7 Na6 53. Nd5+ Kd4 54. Nc7 Nb8 55. a6 Ke3 56. Nd5+ 1-0

[Event "GER CupT 1516"]
[Site "Berlin"]
[Date "2016.03.06"]
[Round "2.1"]
[White "Chatzidakis, Mihail"]
[Black "Kopylov, Michael"]
[Result "1/2-1/2"]
[WhiteElo "2281"]
[BlackElo "2406"]
[PlyCount "53"]
[EventDate "2016.03.05"]
[EventType "team-k.o."]
[EventRounds "2"]
[EventCountry "GER"]
[SourceTitle "EXT 2022"]
[Source "ChessBase"]
[SourceDate "2021.10.06"]
[SourceVersion "1"]
[SourceVersionDate "2021.10.06"]
[SourceQuality "1"]
[WhiteTeam "Berlin SF"]
[BlackTeam "Norderstedt"]
[WhiteTeamCountry "GER"]
[BlackTeamCountry "GER"]

1. e4 d5 2. exd5 Qxd5 3. Nc3 Qa5 4. d4 c6 5. Nf3 Nf6 6. Bd2 Bf5 7. Ne4 Qb6 8. Nxf6+ gxf6 9. Bc4 Nd7 10. 0-0 e6 11. b4 Bd6 12. Nh4 Bg6 13. c3 0-0-0 14. Qe2 Qc7 15. f4 f5 16. a4 Nf6 17. Nxg6 hxg6 18. b5 g5 19. bxc6 Qxc6 20. Bb5 Qc7 21. Rab1 gxf4 22. Ba6 f3 23. Rxf3 Bxh2+ 24. Kf1 Bd6 25. Kg1 Bh2+ 26. Kf1 Bd6 27. Kg1 1/2-1/2

[Event "GER CupT prel1"]
[Site "Oranienburg"]
[Date "2016.01.24"]
[Round "2.2"]
[White "Chatzidakis, Mihail"]
[Black "Ermitsch, Michael"]
[Result "1-0"]
[WhiteElo "2265"]
[BlackElo "2100"]
[PlyCount "37"]
[EventDate "2016.01.23"]
[EventType "team-k.o."]
[EventRounds "2"]
[EventCountry "GER"]
[SourceTitle "EXT 2017"]
[Source "ChessBase"]
[SourceDate "2016.10.25"]
[SourceVersion "1"]
[SourceVersionDate "2016.10.25"]
[SourceQuality "1"]
[WhiteTeam "Berlin SF"]
[BlackTeam "Oranienburg"]
[WhiteTeamCountry "GER"]
[BlackTeamCountry "GER"]

1. e4 c5 2. Nf3 d6 3. d4 cxd4 4. Nxd4 Nf6 5. Nc3 a6 6. Qf3 g6 7. h3 Bg7 8. Be3 Qc7 9. g4 e5 10. g5 Nfd7 11. Nd5 Qd8 12. Nf5 gxf5 13. exf5 Nc6 14. Bc4 Ne7 15. f6 Bxf6 16. Nxf6+ Nxf6 17. Qxf6 0-0 18. g6 Nxg6 19. Bxf7+ 1-0

[Event "Oberliga Nord O 1516"]
[Site "Germany"]
[Date "2015.10.11"]
[Round "2.4"]
[White "Chatzidakis, Mihail"]
[Black "Hoeckendorf, Hartmut"]
[Result "1-0"]
[WhiteElo "2265"]
[BlackElo "2145"]
[PlyCount "63"]
[EventDate "2015.09.20"]
[EventType "team-tourn"]
[EventRounds "9"]
[EventCountry "GER"]
[SourceTitle "CBM 170 Extra"]
[Source "ChessBase"]
[SourceDate "2016.02.25"]
[SourceVersion "1"]
[SourceVersionDate "2016.02.25"]
[SourceQuality "1"]
[WhiteTeam "Berlin SF"]
[BlackTeam "Fuerstenwalde"]
[WhiteTeamCountry "GER"]
[BlackTeamCountry "GER"]

1. d4 Nf6 2. Nf3 g6 3. Bg5 Bg7 4. Nbd2 c5 5. Bxf6 Bxf6 6. Ne4 Bg7 7. Nxc5 0-0 8. e4 e5 9. Nb3 d5 10. Nxe5 dxe4 11. Bc4 Qc7 12. Qe2 Nd7 13. Nxd7 Bxd7 14. c3 Rae8 15. 0-0 a6 16. Nc5 Bc8 17. Bd5 Kh8 18. f3 Be5 19. g3 Bh3 20. fxe4 Bxf1 21. Rxf1 Rb8 22. Nxb7 Bg7 23. Nc5 Rbd8 24. Qxa6 Qe7 25. Qd3 Rd6 26. c4 f5 27. e5 Rb6 28. b3 Bh6 29. a4 f4 30. a5 fxg3 31. Rxf8+ Qxf8 32. Qf3 1-0

[Event "Oberliga Nord O 1415"]
[Site "Germany"]
[Date "2015.02.01"]
[Round "6.3"]
[White "Chatzidakis, Mihail"]
[Black "Woll, Wilfried"]
[Result "1/2-1/2"]
[WhiteElo "2257"]
[BlackElo "2075"]
[PlyCount "54"]
[EventDate "2014.09.21"]
[EventType "team-tourn"]
[EventRounds "9"]
[EventCountry "GER"]
[SourceTitle "EXT 2016"]
[Source "ChessBase"]
[SourceDate "2015.10.08"]
[SourceVersion "1"]
[SourceVersionDate "2015.10.08"]
[SourceQuality "1"]
[WhiteTeam "Berlin SF III"]
[BlackTeam "Greifswald"]
[WhiteTeamCountry "GER"]
[BlackTeamCountry "GER"]

1. e4 e6 2. f4 d5 3. e5 c5 4. Nf3 Nh6 5. c3 Be7 6. Na3 0-0 7. Nc2 f6 8. exf6 Bxf6 9. d4 cxd4 10. cxd4 Qd6 11. b3 Nc6 12. Be3 Ng4 13. Bg1 Be7 14. g3 a5 15. Bd3 Nf6 16. Kf1 a4 17. Nd2 axb3 18. Nxb3 Bd7 19. Kg2 Ne4 20. Bxe4 dxe4 21. d5 Qc7 22. dxe6 Bxe6 23. Be3 Bf6 24. Ncd4 Qf7 25. Rc1 Ra4 26. Rc2 h5 27. Re1 Qg6 1/2-1/2

[Event "BL2-Nord 1415"]
[Site "Germany"]
[Date "2015.01.18"]
[Round "5.8"]
[White "Chatzidakis, Mihail"]
[Black "Knuth, Hannes"]
[Result "1/2-1/2"]
[WhiteElo "2260"]
[BlackElo "2323"]
[PlyCount "78"]
[EventDate "2014.09.21"]
[EventType "team-tourn"]
[EventRounds "9"]
[EventCountry "GER"]
[SourceTitle "CBM 166 Extra"]
[Source "ChessBase"]
[SourceDate "2015.06.18"]
[SourceVersion "1"]
[SourceVersionDate "2015.06.18"]
[SourceQuality "1"]
[WhiteTeam "Berlin SF II"]
[BlackTeam "Schwerin"]
[WhiteTeamCountry "GER"]
[BlackTeamCountry "GER"]

1. e4 c5 2. Nf3 Nc6 3. Bb5 g6 4. 0-0 Bg7 5. c3 Nf6 6. d4 cxd4 7. cxd4 Nxe4 8. d5 Nd6 9. Na3 a6 10. Bd3 Nb4 11. Nc4 Nxd3 12. Nxd6+ exd6 13. Qxd3 0-0 14. a4 b6 15. Be3 Bb7 16. Rfd1 Rb8 17. Qa3 Qf6 18. Rab1 Rfe8 19. Bg5 Qf5 20. Qxd6 Bf8 21. Qf4 Qxf4 22. Bxf4 Rbc8 23. Ne5 Bd6 24. Nxg6 Bxf4 25. Nxf4 Rc4 26. Nh5 Re2 27. Re1 Rcc2 28. Rxe2 Rxe2 29. Kf1 Rd2 30. Ke1 Rc2 31. Rd1 Kf8 32. b3 Ke7 33. d6+ Ke6 34. Nf4+ Ke5 35. g3 Rc3 36. Rb1 Kxd6 37. Kd2 Rf3 38. Ke2 Rc3 39. Kd2 Rf3 1/2-1/2

[Event "Oberliga Nord O 1314"]
[Site "Germany"]
[Date "2014.03.16"]
[Round "8.5"]
[White "Cusnariov, Nikolai"]
[Black "Chatzidakis, Mihail"]
[Result "1/2-1/2"]
[WhiteElo "2148"]
[BlackElo "2253"]
[PlyCount "81"]
[EventDate "2013.10.13"]
[EventType "team-tourn"]
[EventRounds "9"]
[EventCountry "GER"]
[SourceTitle "EXT 2015"]
[Source "ChessBase"]
[SourceDate "2014.11.20"]
[SourceVersion "1"]
[SourceVersionDate "2014.11.20"]
[SourceQuality "1"]
[WhiteTeam "Potsdam USV"]
[BlackTeam "Berlin SF III"]
[WhiteTeamCountry "GER"]
[BlackTeamCountry "GER"]

1. Nf3 Nf6 2. c4 g6 3. b3 Bg7 4. Bb2 0-0 5. g3 d6 6. Bg2 e5 7. d3 Re8 8. 0-0 c6 9. Nbd2 Nbd7 10. e4 Nc5 11. Qc2 a5 12. a3 Qb6 13. Bc3 Bg4 14. b4 axb4 15. axb4 Ne6 16. h3 Bxf3 17. Nxf3 Nd7 18. h4 c5 19. b5 Nd4 20. Nxd4 cxd4 21. Bd2 Ra7 22. Ra2 Rea8 23. Rfa1 Nc5 24. Bf1 h5 25. Be2 Kh7 26. Bb4 Bh6 27. Bxc5 Qxc5 28. Ra4 Kg7 29. Bf1 Qb6 30. Bh3 Ra5 31. R1a3 Bd2 32. Qa2 Bb4 33. Rxa5 Rxa5 34. Rxa5 Qxa5 35. Qe2 Qa1+ 36. Kg2 Qc3 37. Bc8 b6 38. Bb7 Qa3 39. Bd5 Qa7 40. g4 Qe7 41. gxh5 1/2-1/2

[Event "Oberliga Nord O 1314"]
[Site "Germany"]
[Date "2014.02.09"]
[Round "6.4"]
[White "Chatzidakis, Mihail"]
[Black "Dudzinski, Piotr"]
[Result "0-1"]
[WhiteElo "2259"]
[BlackElo "2333"]
[PlyCount "76"]
[EventDate "2013.10.13"]
[EventType "team-tourn"]
[EventRounds "9"]
[EventCountry "GER"]
[SourceTitle "EXT 2015"]
[Source "ChessBase"]
[SourceDate "2014.11.20"]
[SourceVersion "1"]
[SourceVersionDate "2014.11.20"]
[SourceQuality "1"]
[WhiteTeam "Berlin SF III"]
[BlackTeam "Ruedersdorf"]
[WhiteTeamCountry "GER"]
[BlackTeamCountry "GER"]

1. e4 e6 2. d4 d5 3. Nc3 dxe4 4. Nxe4 Nd7 5. Nf3 Ngf6 6. Bd3 Be7 7. Qe2 c5 8. Nxf6+ Bxf6 9. d5 0-0 10. dxe6 fxe6 11. Qe4 g6 12. h4 Bg7 13. h5 Nf6 14. Qe2 Nxh5 15. Rxh5 gxh5 16. Ng5 h6 17. Nxe6 Bxe6 18. Qxe6+ Kh8 19. Be3 Qe8 20. Qb3 Bd4 21. Qxb7 Rf7 22. Qe4 Bxe3 23. fxe3 Qxe4 24. Bxe4 Raf8 25. Kd2 Rf2+ 26. Kd3 Rd8+ 27. Kc4 Re8 28. Kd3 c4+ 29. Kd4 Rd2+ 30. Kc3 Rd6 31. Bf3 Rxe3+ 32. Kxc4 Rd2 33. Rh1 Rxc2+ 34. Kd4 Re6 35. Rxh5 Rxb2 36. Ra5 Re7 37. Ra6 Kg7 38. a4 Rb6 0-1

[Event "Oberliga Nord O 1314"]
[Site "Germany"]
[Date "2014.01.19"]
[Round "5.3"]
[White "Stubbe, Wilko"]
[Black "Chatzidakis, Mihail"]
[Result "1/2-1/2"]
[WhiteElo "2185"]
[BlackElo "2261"]
[PlyCount "37"]
[EventDate "2013.10.13"]
[EventType "team-tourn"]
[EventRounds "9"]
[EventCountry "GER"]
[SourceTitle "EXT 2015"]
[Source "ChessBase"]
[SourceDate "2014.11.20"]
[SourceVersion "1"]
[SourceVersionDate "2014.11.20"]
[SourceQuality "1"]
[WhiteTeam "Greifswald"]
[BlackTeam "Berlin SF III"]
[WhiteTeamCountry "GER"]
[BlackTeamCountry "GER"]

1. Nf3 Nf6 2. g3 g6 3. Bg2 Bg7 4. 0-0 0-0 5. d4 d6 6. c4 Nbd7 7. Nc3 e5 8. dxe5 dxe5 9. Qc2 Re8 10. Rd1 c6 11. b3 e4 12. Nd4 Qe7 13. a4 a6 14. e3 Qe5 15. Bb2 a5 16. Nde2 Qf5 17. Nd4 Qe5 18. Nde2 Qf5 19. Nd4 1/2-1/2

[Event "Oberliga Nord O 1314"]
[Site "Germany"]
[Date "2013.11.10"]
[Round "2.5"]
[White "Chatzidakis, Mihail"]
[Black "Wuttke, Hans"]
[Result "1/2-1/2"]
[WhiteElo "2273"]
[BlackElo "2168"]
[PlyCount "72"]
[EventDate "2013.10.13"]
[EventType "team-tourn"]
[EventRounds "9"]
[EventCountry "GER"]
[SourceTitle "EXT 2015"]
[Source "ChessBase"]
[SourceDate "2014.11.20"]
[SourceVersion "1"]
[SourceVersionDate "2014.11.20"]
[SourceQuality "1"]
[WhiteTeam "Berlin SF III"]
[BlackTeam "Potsdam Empor"]
[WhiteTeamCountry "GER"]
[BlackTeamCountry "GER"]

1. e4 d6 2. d4 Nf6 3. Nc3 e5 4. Nf3 Nbd7 5. g3 Be7 6. Bg2 0-0 7. 0-0 Re8 8. a4 a5 9. h3 Bf8 10. Re1 g6 11. Be3 Bg7 12. Qd2 c6 13. Rad1 Qc7 14. Qe2 Nf8 15. Qc4 Ne6 16. dxe5 dxe5 17. Ng5 Qe7 18. Nxe6 Bxe6 19. Qc5 Qxc5 20. Bxc5 Nd7 21. Be3 Bf8 22. f4 Bc5 23. Kf2 Kf8 24. Kf3 Bxe3 25. Rxe3 Ke7 26. g4 exf4 27. Kxf4 Nc5 28. e5 Red8 29. Ree1 h6 30. b3 Na6 31. Rxd8 Rxd8 32. Rd1 Nb4 33. Rxd8 Kxd8 34. Be4 g5+ 35. Ke3 Ke7 36. Ne2 f6 1/2-1/2

[Event "Paleochora op 4th"]
[Site "Paleochora"]
[Date "2011.07.22"]
[Round "4"]
[White "Chatzidakis, Mihail"]
[Black "Nikolov, Momchil"]
[Result "1/2-1/2"]
[WhiteElo "2311"]
[BlackElo "2589"]
[PlyCount "130"]
[EventDate "2011.07.20"]
[EventType "swiss"]
[EventRounds "9"]
[EventCountry "GRE"]
[SourceTitle "CBM 143 Extra"]
[Source "ChessBase"]
[SourceDate "2011.08.29"]
[SourceVersion "1"]
[SourceVersionDate "2011.08.29"]
[SourceQuality "1"]

1. e4 c5 2. Nf3 e6 3. g3 b6 4. Bg2 Bb7 5. Nc3 Nf6 6. e5 Nd5 7. Nxd5 Bxd5 8. 0-0 Nc6 9. b3 Rc8 10. Bb2 Be7 11. c4 Bxf3 12. Bxf3 Qc7 13. Bxc6 Qxc6 14. d4 cxd4 15. Qxd4 h5 16. Rfe1 f5 17. exf6 Bxf6 18. Qd2 0-0 19. Bxf6 Rxf6 20. f4 h4 21. Qg2 Qc5+ 22. Qf2 Qc7 23. Qd4 hxg3 24. hxg3 Rh6 25. Rad1 d6 26. Kg2 b5 27. Rc1 bxc4 28. Rxc4 Qb7+ 29. Qe4 d5 30. Rxc8+ Qxc8 31. Qd3 Qc6 32. f5 d4+ 33. Qe4 exf5 34. Qxc6 Rxc6 35. Re5 g6 36. Rd5 Rc2+ 37. Kf3 Rxa2 38. Rxd4 Ra3 39. Rb4 Kg7 40. g4 Kf6 41. gxf5 Kxf5 42. Rb5+ Ke6 43. Kf4 Ra6 44. Re5+ Kf6 45. Re4 Rb6 46. b4 a6 47. Rc4 Ke6 48. Ke4 Kd6 49. Rd4+ Kc7 50. Ke5 Rc6 51. Rg4 Kb6 52. Kd5 Kb5 53. Ke5 Rb6 54. Kd5 Ka4 55. Kc5 Rb5+ 56. Kc6 g5 57. Kd6 Kb3 58. Kc6 Kc3 59. Kd6 Kd3 60. Ke6 Kd2 61. Re4 Kc3 62. Rg4 Kd3 63. Kf6 Kc3 64. Ke6 Rb6+ 65. Kd7 Rb5 1/2-1/2